| 000 | 00687cam a2200241 4500 | ||
|---|---|---|---|
| 001 | J319 | ||
| 008 | 090401t1980 xxu||||| |||| 00| 0 eng d | ||
| 035 | _a(Sirsi) u74404 | ||
| 041 | _aeng | ||
| 050 | _a692.9 | ||
| 090 | _aJCT 1980/24A | ||
| 110 |
_aJoint Contracts Tribunal _93664 |
||
| 245 | 4 | _aThe sub-contract conditions for use with the Domestic Sub-contract DOM/1 articles of agreement (1980 edition). | |
| 260 |
_aLondon _bBEC _c1980 |
||
| 300 | _a45p. ; 30cm. | ||
| 350 | _a0 | ||
| 650 | _aDOM/1 | ||
| 650 | _aJCT STANDARD FORM OF CONTRACT 1980 | ||
| 650 | _aSUBCONTRACTS | ||
| 690 | _aBUILT ENVIRONMENT-BUILDING CONTRACT FORMS | ||
| 942 | _n0 | ||
| 948 | _c04/03/1997 | ||
| 999 |
_c95838 _d95838 |
||